Disney's Vocabulary Quiz Stats

 Plays Quiz Updated Jun 20, 2017

     
Support Sporcle.
Go Orange.
Score 0/20 Timer 05:00
6 Plays Today
% Correct
Honey
95.5%
Blinking
95.1%
Gallery
94.5%
Bride
94.4%
Isolation
94.3%
Ammunition
93.6%
Contagious
93.6%
Request
93.4%
Grieving
93.3%
Ignorant
93.1%
% Correct
Gleam
93%
Pick
92.3%
Obsolete
91.4%
Chill
89.9%
Royalties
89%
Expectorating
88.7%
Familiar
88.6%
Thingamabobs
87.7%
Tribulations
87.2%
Cruel
84.7%

From the Vault

US States Population Highs and Lows

by Carlwev

It's always important to keep records so we can either break them or stay in between.
Remove Ads.
Support Sporcle.
Get the best of Sporcle when you Go Orange. This ad-free experience offers more features, more stats, and more fun while also helping to support Sporcle. Thank you for becoming a member.

Show Comments

Extras

Top Quizzes Today


Score Distribution

Your Account Isn't Verified!

In order to create a playlist on Sporcle, you need to verify the email address you used during registration. Go to your Sporcle Settings to finish the process.

Report this User

Report this user for behavior that violates our Community Guidelines.

Details: